Commonwealth human rights law digest.-6CHLD1-142,Vol.6,No.1,Autumn2007 (Record no. 5017)

MARC details
000 -LEADER
fixed length control field 00683nam a22001577a 4500
008 - FIXED-LENGTH DATA ELEMENTS--GENERAL INFORMATION
fixed length control field 120110t xxu||||| |||| 00| 0 eng d
082 ## - DEWEY DECIMAL CLASSIFICATION NUMBER
Classification number 341.4805/COM
100 ## - MAIN ENTRY--PERSONAL NAME
Personal name Byrne Iain
Titles and other words associated with a name Commonwealth Human Rights Law Digest.-6CHRLD1-142,Vol.6,No.1 Aug2002
9 (RLIN) 6408
110 ## - MAIN ENTRY--CORPORATE NAME
Corporate name or jurisdiction name as entry element Commonwealth
9 (RLIN) 6409
245 ## - TITLE STATEMENT
Title Commonwealth human rights law digest.-6CHLD1-142,Vol.6,No.1,Autumn2007
Statement of responsibility, etc Byrne Iain
260 ## - PUBLICATION, DISTRIBUTION, ETC. (IMPRINT)
Place of publication, distribution, etc unitedkingdom
Name of publisher, distributor, etc interights
300 ## - PHYSICAL DESCRIPTION
Extent XX,1-142P.
700 ## - ADDED ENTRY--PERSONAL NAME
Personal name Byrne Iain
Titles and other words associated with a name Commonwealth human rights law digest.-6CHRLD1-142, Vol.6 ,No.1Autumn2007
9 (RLIN) 6410
942 ## - ADDED ENTRY ELEMENTS (KOHA)
Source of classification or shelving scheme Dewey Decimal Classification
Item type Periodicals
Holdings
Withdrawn status Lost status Source of classification or shelving scheme Damaged status Not for loan Home library Current library Shelving location Date acquired Total Checkouts Full call number Barcode Date last seen Price effective from Koha item type
    Dewey Decimal Classification     Law Development Centre Main Library Law Development Centre Main Library Law Reports 01/10/2012   341.4805/COM 3546/2012 01/10/2012 01/10/2012 Periodicals